000 01139cab a2200349 4500
001 ABS56696
008 090401t1997 xxu||||| |||| 00| 0 eng d
035 _a(Sirsi) u77530
041 _aeng
100 _aKillick, S.
245 _aSouth-east: Hertfordshire
260 _c1997
350 _a0
490 _aProperty Week
_v58(11) 21 March 1997, 47-57(5)
520 _aDiscusses how Gazeley Properties is trying to lure occupiers to the Hemel Distribution Centre. Reviews the state of the market for industrial, offices and retail.
650 _aCHESHUNT
650 _aDISTRIBUTION CENTRES
650 _aGAZELEY PROPERTIES
650 _aHATFIELD
650 _aHEMEL HEMPSTEAD
650 _aHITCHIN
650 _aINDUSTRIAL MARKET
650 _aPROPERTY-COMMERCIAL PROPERTY-OFFICE PROPERTY-OFFICE PROPERTY MARKET
650 _aPROPERTY-COMMERCIAL PROPERTY-RETAIL PROPERTY-RETAIL PROPERTY MARKET
650 _aST ALBANS
650 _aWAREHOUSES
650 _aWATFORD
650 _aWELWYN GARDEN CITY
690 _aPROPERTY-COMMERCIAL PROPERTY-COMMERCIAL PROPERTY MARKET
942 _n0
948 _c03/04/1997
999 _c48749
_d48749